| Registos Bibliográficos associados ao registo de autoridade |
|
Etiqueta de registo: 00000nkm 2200025 450 001 2281842 003 http://id.bnportugal.gov.pt/bib/catbnp/2281842 100 ## $a20260319f1982 m y0pory01030103ba 101 0# $apor 102 ## $aPT 200 1# $a2.º Sarau de Dança do Ginásio Clube Português, no Teatro da Trindade, 30 maio$bVisual gráfico]$fGinásio Clube Português 210 #9 $a[Lisboa]$cGinásio Clube Português,$d[1982?] 215 ## $a1 cartaz$ccolor.$d41,5x32 cm 306 ## $aDatação atribuída em conformidade com o evento anunciado 317 ## $aColeção Madeira Luís 710 02 $aSarau de Dança do Ginásio Clube Português,$d2,$eLisboa$31992534 712 02 $aGinásio Clube Português$4070$36436 801 #0 $aPT$bBN$gRPC 966 ## $lBN$mICONOG$sCT. 16775 V.$x3 971 ## $cCaticonografia5$d20260319 995 ## $aPRR2026
|
|
|